Регионална библиотека "Любен Каравелов" - Русе

Къде е мама (Запис номер 494606)

MARC детайли
000 -Лидер
Лидер 01106nam a2200289 a 4500
003 - Код на организацията, давaща контролен номер
Код на организацията, даваща контролен номер BLK
005 - Дата и час на последна редакция
Дата и час на последна редакция 20250317151140.0
007 - Фиксирано поле за физическо описани
Физическо описание ta
008 - Елементи от данни с фиксирана дължина
Елементи с фиксирана дължина 181214b bu a|||ar|||| 00| 0 bu d
020 ## - Международен стандартен номер на книга ISBN
ISBN 9786191912476
040 ## - Източник на каталожния запис
Код на библиотеката BLK
041 ## - Код за език
Език Български
Език за КДБФ Български
080 ## - УДК
УДК текст Издания за деца и юноши. Книжки-картинки. Читанки. Вж и 372.4
УДК код 087.5
УДК – код + определител 087.5
9 (RLIN) 231478
084 ## - Класификационен индекс по друга класификация
Авторски знак Кую - К 95
245 ## - Сведения за заглавието
Заглавие Къде е мама
Подзаглавни данни книжка с картинки
Авторска отговорност ил. Мауризия Рубино
257 ## - Страна на издаване
Страна на създаване/издаване България
260 ## - Област на издателските данни
9 (RLIN) 209475
Място на издаване София
Име на издателя Фют
Година на издаване 2015
Печатница Китай
300 ## - Физическа характеристика
Брой страници [8] с.
Илюстрации с цв. ил.
Размер 24 см
380 ## - Жанр
Жанр Детска отраслова лит.
500 ## - Общи забележки
Обща забележка Ориг. загл. Where is my mummy. - Кн. е от поредицата Горските животни. - Изработена от ламиниран картон.
700 ## - Други автори (авторска отговорност)
9 (RLIN) 489000
Друг автор Рубино, Мауризия
856 ## - Електронен адрес и достъп
Инструкция (цена за достъп) 0.00
Права за достъп disable
942 ## - АРТИКУЛИ
Вид на библиотечния документ Книги
Скрит в OPAC Не
Koha issues (borrowed), all copies 11
944 ## - СЪЗДАВАНЕ И РЕДАКЦИЯ на ЗАПИСА
Дата на регистрацията/редакция Кети Илиева
Служител, извършил регистрацията/редакцията 30537
Номер на служител Грета Цуфелде
999 ## - СИСТЕМНИ КОНТРОЛНИ НОМЕРА
Koha biblionumber 494606
Koha biblioitemnumber 494606
999 ## - СИСТЕМНИ КОНТРОЛНИ НОМЕРА
Koha biblioitemnumber 494606
Наличности
Код за отписване Код за изгубен артикул Източник на класификационната схема Код за повреда Код за отдаване Артикулен № Име на библиотеката - собственик Име на библиотеката, в която се намира в момента Статус (Текущо местоположение) Дата на вписване в системата Местоположение - отдел Цена в лева Инвентарен номер Систематично азбучна сигнатура Баркод Цена в евро Служебен тип на артикула
  Не е изгубен Universal Decimal Classification Не е повреден заемане за дома 933146 Регионална библиотека "Любен Каравелов" Русе Регионална библиотека "Любен Каравелов" Русе Детски отдел 2023-08-21 Детски отдел 3.00 120000892360 087.5/К 95 120000892360 1.53 Книги
Vip Innovations Ltd, Rousse, Bulgaria 2025